Каскадные ливни, вызываемые частицами сверхвысоких энергий

Bibliografiset tiedot
Päätekijä: Иваненко И. П. Игорь Павлович
Muut tekijät: Роганова Т. М. Татьяна Михайловна
Kieli:venäjä
Julkaistu: Москва, Наука, 1983
Aiheet:
Aineistotyyppi: Kirja
KOHA link:https://koha.lib.tpu.ru/cgi-bin/koha/opac-detail.pl?biblionumber=90914

MARC

LEADER 00000nam0a2200000 4500
001 90914
005 20231031103753.0
020 |a RU  |b 83-73608 
035 |a (RuTPU)RU\TPU\book\97483 
090 |a 90914 
100 |a 20060216d1983 k a0rusy5003 ca 
101 0 |a rus 
102 |a RU 
105 |a a z 001zy 
200 1 |a Каскадные ливни, вызываемые частицами сверхвысоких энергий  |f И. П. Иваненко, Т. М. Роганова 
210 |a Москва  |c Наука  |d 1983 
215 |a 144 с.  |c граф.  |d 21 см 
610 1 |a электронно-фотонные ливни 
610 1 |a характеристики 
610 1 |a каскадные линии 
675 |a 539.124.17  |z rus 
700 1 |a Иваненко  |b И. П.  |g Игорь Павлович  |4 070 
701 1 |a Роганова  |b Т. М.  |g Татьяна Михайловна  |4 070 
801 0 |a RU  |b RuMRKP  |c 19950704  |g psbo 
801 1 |a RU  |b 63413507  |c 20060216  |g PSBO 
801 2 |a RU  |b 63413507  |c 20210210  |g PSBO 
942 |c BK